000 01485nam a22004097a 4500
001 212
003 FISKH
005 20230306131254.0
008 230306b cb ||||| |||| 00| 0 eng d
010 _a 2002010907
020 _a0375806156 (trade)
020 _a0375906150 (lib. bdg.)
040 _aDLC
_cDLC
_dDLC
_dFISKH
_beng
042 _alcac
050 0 0 _aPZ7.O81167
_bTh 2002
082 0 0 _a813
_221
100 1 _aOsborne, Mary Pope.
245 1 0 _aThanksgiving on Thursday /
_cby Mary Pope Osborne ; illustrated by Sal Murdocca.
250 _a1st ed.
260 _aNew York :
_bScholastic
_cc2002.
300 _a73 p. :
_bill. ;
_c20 cm.
490 1 _aMagic tree house ;
_v#27
500 _a"A stepping stone book."
505 _aK
520 _aJack and Annie travel in their magic treehouse to the year 1621, where they celebrate the first Thanksgiving with the Pilgrims and Wampanoag Indians in the New Plymouth Colony.
521 8 _a590
_bLexile
521 8 _aK
_bRaz-Plus
650 1 _aThanksgiving Day
_vFiction.
650 1 _aPilgrims (New Plymouth Colony)
_vFiction.
650 1 _aTime travel
_vFiction.
651 1 _aPlymouth (Mass.)
_xHistory
_y17th century
_vFiction.
700 1 _aMurdocca, Sal,
_eill.
800 1 _aOsborne, Mary Pope.
_tMagic tree house series ;
_v#27.
856 4 2 _3Publisher description
_uhttp://www.loc.gov/catdir/description/random042/2002010907.html
906 _a7
_bcbc
_corignew
_d1
_eecip
_f20
_gy-gencatlg
942 _2ddc
_cBK
_n0
999 _c212
_d212